Normal view
MARC view
Entry Personal Name
001 - CONTROL NUMBER
- control field: 6718
003 - CONTROL NUMBER IDENTIFIER
- control field: HDC
005 - DATE AND TIME OF LATEST TRANSACTION
- control field: 20230624073235.0
008 - FIXED-LENGTH DATA ELEMENTS
- fixed length control field: 210123|| aca||aabn | a|a d
040 ## - CATALOGING SOURCE
- Original cataloging agency: HDC
- Transcribing agency: HDC
100 ## - HEADING--PERSONAL NAME
- Personal name: Y.B Dato' Dr. Abdullah bin Md. Zin
670 ## - SOURCE DATA FOUND
- Source citation: Work cat.: (HDC): Y.B Dato' Dr. Abdullah bin Md. Zin, Majlis Pelancaran e-Halal /, 2006
